Statistics for FIFA 17 Best Players By Club - Premier League

Click here to take the quiz!

General Stats

  • This quiz has been taken 1,624 times
  • The average score is 21 of 60

Answer Stats

ClubPlayerRank% Correct
Leicester CityJamie Vardy82
93%
Manchester CitySergio Agüero88
91%
Tottenham HotspurHarry Kane84
90%
Arsenal FCMesut Özil89
90%
Leicester CityRiyad Mahrez85
84%
Manchester UnitedDavid De Gea90
82%
Tottenham HotspurHugo Lloris88
81%
Arsenal FCAlexis Sanchez87
80%
Manchester CityKevin De Bruyne87
80%
Manchester CityDavid Silva86
79%
Manchester UnitedPaul Pogba88
75%
Arsenal FCPetr Cech88
74%
Chelsea FCEden Hazard88
71%
Manchester UnitedZlatan Ibrahimovic90
69%
West Ham UnitedDimitri Payet86
65%
Everton FCRomelu Lukaku84
61%
Chelsea FCThibaut Courtois89
61%
Liverpool FCPhilippe Coutinho85
59%
Crystal PalaceChristian Benteke81
45%
Tottenham HotspurToby Alderweireld85
44%
Liverpool FCDaniel Sturridge84
43%
Stoke CityXherdan Shaqiri82
42%
Chelsea FCCesc Fabregas86
39%
Everton FCLeighton Baines83
32%
Sunderland AFCJermain Defoe80
31%
Leicester CityIslam Slimani83
30%
Crystal PalaceSteve Mandanda85
30%
Southampton FCVirgil van Dijk79
30%
Stoke CityJack Butland82
29%
Bournemouth AFCCallum Wilson76
25%
Swansea CityGylfi Sigurdsson82
25%
Middlesbrough FCAlvaro Negredo80
21%
West Bromwich AlbionSalomon Rondon80
21%
Middlesbrough FCVictor Valdes82
21%
Everton FCAshley Williams83
20%
Liverpool FCLoris Karius82
19%
Crystal PalaceYohan Cabaye81
19%
Stoke CityBojan Krkic82
18%
Bournemouth AFCJack Wilshere82
18%
Swansea CityLukasz Fabianski80
16%
West Bromwich AlbionBen Foster80
15%
Southampton FCJosé Fonte83
14%
Watford FCRoberto Pereyra81
12%
West Ham UnitedAngelo Ogbonna81
11%
Burnley FCTom Heaton76
11%
Burnley FCMichael Keane75
9%
Middlesbrough FCGaston Ramirez78
8%
Burnley FCSteven Defour79
7%
Watford FCAbdoulaye Doucouré78
6%
Hull CityMichael Dawson77
6%
West Ham UnitedSimone Zaza81
6%
Southampton FCSofiane Boufal80
6%
Hull CityCurtis Davies77
5%
Bournemouth AFCMax-Alain Gradel79
5%
Hull CityDieumerci Mbokani79
4%
Watford FCNordin Amrabat79
4%
Sunderland AFCWahbi Khazri79
4%
Swansea CityBorja Baston80
3%
West Bromwich AlbionClaudio Yacob80
3%
Sunderland AFCPapy Djilobodji78
1%

Score Distribution

Percentile by Number Answered

Percent of People with Each Score

Your Score History

You have not taken this quiz